Rozhodovanie v činnosti manažéra
Rozhodovanie v činnosti manažéra. Základné typy rozhodnutí. Rozhodnutia podľa záväznosti, podľa dosahu účinkov, z hľadiska zmeniteľnosti, podľa zložitosti. Proces rozhodovania možno rozdeliť do ôsmich na seba logicky i časovo nadväzujúcich štádií: štádium zberu informácií, uvažovanie o variantoch, v...
Salvato in:
| Autore principale: | |
|---|---|
| Natura: | Capitolo di libro |
| Lingua: | slovacco |
| Soggetti: | |
| Tags: |
Nessun Tag, puoi essere il primo ad aggiungerne!!
|
MARC
| LEADER | 00000naa a2200000 4500 | ||
|---|---|---|---|
| 001 | r026236 | ||
| 005 | 20230825080140.0 | ||
| 041 | 0 | |a slo | |
| 044 | |a SK | ||
| 245 | 1 | 0 | |a Rozhodovanie v činnosti manažéra |c Klement Kačír |
| 520 | |a Rozhodovanie v činnosti manažéra. Základné typy rozhodnutí. Rozhodnutia podľa záväznosti, podľa dosahu účinkov, z hľadiska zmeniteľnosti, podľa zložitosti. Proces rozhodovania možno rozdeliť do ôsmich na seba logicky i časovo nadväzujúcich štádií: štádium zberu informácií, uvažovanie o variantoch, vykryštalizovanie názoru, analytické štádium, výber jednej možnosti, registrácia rozhodnutia, rozpracovanie rozhodnutia, realizácia rozhodnutia. | ||
| 610 | 2 | 0 | |a rozhodovanie manažérske |
| 610 | 2 | 0 | |a manažéri |
| 610 | 2 | 0 | |a procesy rozhodovacie |
| 100 | 1 | |a Kačír, Klement | |